Online
Catalog

¿Que principios pueden derivarse de los articulos 6, ap, 16, 43 y 63 ap, 5 de nuestra constitución, relativos a la incontitucionalidad de las leyes? (Record no. 34020)

MARC details
000 -CABECERA
campo de control de longitud fija 00684nam a2200169 a 4500
001 - NÚMERO DE CONTROL
campo de control 000034529
005 - FECHA Y HORA DE LA ÚLTIMA TRANSACCIÓN
campo de control 20200930073741.0
008 - DATOS DE LONGITUD FIJA--INFORMACIÓN GENERAL
campo de control de longitud fija 111005s1912 dr 000 0 spa d
040 ## - FUENTE DE LA CATALOGACIÓN
Centro catalogador/agencia de origen DO-SdBNP
Lengua de catalogación spa
Centro/agencia transcriptor BNPHU
082 ## - NÚMERO DE LA CLASIFICACIÓN DECIMAL DEWEY
Número de clasificación xxxx
Número de documento/Ítem A174
049 ## - FONDOS LOCALES (OCLC)
Fondos de biblioteca BNPD
100 1# - ENTRADA PRINCIPAL--NOMBRE DE PERSONA
Nombre de persona Acevedo, Agustín
9 (RLIN) 59965
245 10 - MENCIÓN DE TÍTULO
Título ¿Que principios pueden derivarse de los articulos 6, ap, 16, 43 y 63 ap, 5 de nuestra constitución, relativos a la incontitucionalidad de las leyes?
260 ## - PUBLICACIÓN, DISTRIBUCIÓN, ETC.
Lugar de publicación, distribución, etc. Santo Domingo :
Nombre del editor, distribuidor, etc. Imp. Escobar i Cía,
Fecha de publicación, distribución, etc. 1912.
300 ## - DESCRIPCIÓN FÍSICA
Extensión 34 p. ;
Dimensiones 23 cm.
502 ## - NOTA DE TESIS
Nota de tesis Tesis para obtar por el grado de licenciatura en derecho en el Instituto Profesional de Santo Domingo, Facultad de Derecho
Holdings
Estado de retiro Estado de pérdida No para préstamo Código de colección Localización permanente Ubicación/localización actual Ubicación en estantería Fecha de adquisición Número de inventario Total de préstamos Signatura topográfica completa Código de barras Fecha visto por última vez Precio válido a partir de Tipo de ítem Koha Nota pública
    Excluido de préstamo Patrimonio Dominicano Patrimonio Dominicano Patrimonio Dominicano En catalogación 05.10.2011 LF1   xxxx A174 34529-10 25.06.2020 25.06.2020 Libro y Folleto Colección Patrimonio Dominicano Perteneció a la biblioteca personal de Carlos Larrazábal Blanco

Powered by Koha